Score 0/100 Timer 15:00
16 Plays Today
% Correct
TIME
96.7%
STEP
92.2%
PETS
91.3%
PANS
88.3%
MALE
88.2%
LAME
85.4%
SOLE
85.2%
SAME
84.8%
BATE
84.6%
MITE
83.8%
PATS
83.5%
PALE
82.8%
SPAN
82.1%
NETS
81%
GORE
81%
BEAT
80.9%
TENS
79.8%
PEAT
78.6%
SNAP
78.2%
BUST
76.1%
LEES
75.4%
BATS
75.3%
BARD
75%
TAPS
74.9%
SKIN
74.3%
LOSE
74.1%
STAG
73.2%
NAPS
73%
NAPE
71.9%
DRAB
70.6%
VILE
70.6%
CATS
70.1%
SEAM
69.7%
RODE
68.9%
% Correct
TAGS
68.9%
MEAL
68.7%
LOIN
67.5%
PEAL
67.3%
LIVE
67%
KINS
66.8%
REAL
65.6%
PARS
65.4%
PEST
64.8%
TUBS
64%
LION
63.6%
LEAR
63.5%
LEAP
63.5%
ITEM
63.5%
GATS
63.1%
TABS
62.9%
PANE
62.9%
PATE
62.7%
TAPE
62.2%
STUB
62%
SEEL
61.7%
EMIT
61.3%
SCAT
61.2%
VEIL
60.1%
BRAD
59.9%
STAB
59.9%
PAST
59.3%
PEAN
58.8%
EVIL
58.3%
SPAT
56.9%
RAPS
56.6%
RALE
56.2%
EELS
55.8%
SLOE
55.7%
% Correct
BUTS
54.4%
OGRE
53.1%
NEST
52.1%
NEAP
51.4%
SPAR
49.3%
NOIL
47.1%
OLES
46.5%
DORE
46.3%
SINK
44.8%
SENT
44.8%
ELSE
42.6%
LINO
41.8%
REDO
41%
ACTS
40.7%
GAST
40%
BAST
40%
INKS
39.5%
DARB
38.1%
ABET
37.5%
CAST
36.6%
SEPT
36.4%
RASP
35.6%
BETA
30.3%
MESA
30%
DOER
28.7%
GOER
24.5%
PLEA
22.8%
ERGO
20%
ALME
16.9%
EARL
15.9%
MAES
15%
TEPA
12.1%
Remove Ads.
Support Sporcle.
Get the best of Sporcle when you Go Orange. This ad-free experience offers more features, more stats, and more fun while also helping to support Sporcle. Thank you for becoming a member.

You're not logged in!

Compare scores with friends on all Sporcle quizzes.
OR
Log In

Sporcle TV

Today on Sporcle TV


Watch our educational content, quiz creation guides, and fun videos on Sporcle TV.

Show Comments

Extras

Top Quizzes Today


Score Distribution

Paid Content

Your Account Isn't Verified!

In order to create a playlist on Sporcle, you need to verify the email address you used during registration. Go to your Sporcle Settings to finish the process.

Report this User

Report this user for behavior that violates our Community Guidelines.

Details: